| 000 | 01066nam0a22003011 4500 | ||
|---|---|---|---|
| 001 | RU\NLR\INFOCOMM_223\5000024335 | ||
| 005 | 20250613090520.0 | ||
| 010 | _a5-85900-043-X | ||
| 010 | _a0-19-45-12231 | ||
| 035 | _a(NLR Aleph) 009069204 | ||
| 090 |
_a7912054 _c7912054 |
||
| 100 | _a20081023d1992 |||y0rusy50 ca | ||
| 101 | 0 | _aeng | |
| 102 |
_aRU _aGB |
||
| 105 | _aah z 000zy | ||
| 200 | 1 |
_aEnglish for practical management _efor upper intermediate and advanced students of English interested in practical management problems _fZsuzsanna Ardó |
|
| 210 |
_aМосква _cДело _aOxford _cOxford univ. press _dcop. 1992 |
||
| 215 |
_a162 с. _cил., факс. _d28 см |
||
| 606 |
_aНародное хозяйство _xУправление _jРуководства, пособия и т. п. _2nlr_sh1 |
||
| 686 |
_aШ143.21-933 _2rubbk |
||
| 686 |
_aУ21(0)я7 _2rubbk |
||
| 700 | 1 |
_aArdó _bZ. _gZsuzsanna _4070 |
|
| 801 | 1 |
_aRU _bNLR _c20081023 |
|
| 801 | 0 |
_aRU _bNLR _gPSBO |
|
| 852 |
_aNLR _jЯ61 Д-7/275 |
||
| 942 | _cBOOK | ||
| 980 | _aNB | ||